000 00432nam a2200181Ia 4500
005 20240823035834.0
008 240823s9999||||xx |||||||||||||| ||und||
041 _aENGLISH
082 _A629.13 N2
100 _aFrank Delp
245 0 _aAircraft Propellers and Controls
250 _a1st
260 _c1992
_bThe English Book
_aNew Delhi
500 _aTRANSFERED
650 _aAircraft
_bAME
942 _cBK
999 _c201649
_d201649